Bible questions answered. (Record no. 3397)

000 -LEADER
fixed length control field 00652nam a2200205 a 4500
001 - CONTROL NUMBER
control field :::00001127$&:&@@
003 - CONTROL NUMBER IDENTIFIER
control field OkBaRHE
005 - DATE AND TIME OF LATEST TRANSACTION
control field 20000607103241.0
008 - FIXED-LENGTH DATA ELEMENTS--GENERAL INFORMATION
fixed length control field s1979 j 000 0 eng u
040 ## - CATALOGING SOURCE
Transcribing agency
100 1# - MAIN ENTRY--PERSONAL NAME
Personal name Pettingill, William Leroy, 1866-
245 10 - TITLE STATEMENT
Title Bible questions answered.
Statement of responsibility, etc Edited by Richard P. Polcyn.
250 ## - EDITION STATEMENT
Edition statement Rev. ed.
260 ## - PUBLICATION, DISTRIBUTION, ETC. (IMPRINT)
Place of publication, distribution, etc Grand Rapids, MI., :
Name of publisher, distributor, etc Zondervan Publishing House
Date of publication, distribution, etc c1979
300 ## - PHYSICAL DESCRIPTION
Extent 432 p. ;
Dimensions 21 cm.
650 ## - SUBJECT ADDED ENTRY--TOPICAL TERM
Topical term or geographic name as entry element Bible
General subdivision Theology
700 ## - ADDED ENTRY--PERSONAL NAME
Personal name Polcyn, Richard P., Ed.
942 ## - ADDED ENTRY ELEMENTS (KOHA)
Source of classification or shelving scheme
Koha item type Books
Copies
Date acquired Koha item type Lost status Price effective from Date last seen Copy number Permanent Location Shelving location Source of classification or shelving scheme Barcode Damaged status Full call number Not for loan Withdrawn status
2010-04-14Books 2010-04-142018-02-161RHEMA Bible Training CollegeGeneral Stacks 1127 BS 543 .P45